<?xml version="1.0" encoding="UTF-8"?>
<record
    xmlns:xsi="http://www.w3.org/2001/XMLSchema-instance"
    xsi:schemaLocation="http://www.loc.gov/MARC21/slim http://www.loc.gov/standards/marcxml/schema/MARC21slim.xsd"
    xmlns="http://www.loc.gov/MARC21/slim">

  <leader>02549cam a2200313 a 4500</leader>
  <controlfield tag="001">15125219</controlfield>
  <controlfield tag="003">OSt</controlfield>
  <controlfield tag="005">20230427124019.0</controlfield>
  <controlfield tag="008">080102s2008    nyua          000 0 eng  </controlfield>
  <datafield tag="010" ind1=" " ind2=" ">
    <subfield code="a">  2007052293</subfield>
  </datafield>
  <datafield tag="020" ind1=" " ind2=" ">
    <subfield code="a">9780195342956 (pbk. : alk. paper)</subfield>
  </datafield>
  <datafield tag="020" ind1=" " ind2=" ">
    <subfield code="a">019534295X (pbk. : alk. paper)</subfield>
  </datafield>
  <datafield tag="040" ind1=" " ind2=" ">
    <subfield code="a">DLC</subfield>
    <subfield code="c">LC</subfield>
    <subfield code="d">DLC</subfield>
  </datafield>
  <datafield tag="050" ind1="0" ind2="0">
    <subfield code="a">P94.5.Y72.C43 </subfield>
  </datafield>
  <datafield tag="082" ind1="0" ind2="0">
    <subfield code="a">302.230835</subfield>
    <subfield code="2">22</subfield>
  </datafield>
  <datafield tag="245" ind1="0" ind2="4">
    <subfield code="a">The changing portrayal of adolescents in the media since 1950. /</subfield>
    <subfield code="c">[edited by] Patrick Jamieson, Daniel Romer.</subfield>
  </datafield>
  <datafield tag="260" ind1=" " ind2=" ">
    <subfield code="a">New York:</subfield>
    <subfield code="b">Oxford University Press,</subfield>
    <subfield code="c">2008.</subfield>
  </datafield>
  <datafield tag="300" ind1=" " ind2=" ">
    <subfield code="a">xiv, 466 p. :</subfield>
    <subfield code="b">ill. ;</subfield>
    <subfield code="c">23 cm.</subfield>
  </datafield>
  <datafield tag="500" ind1=" " ind2=" ">
    <subfield code="a">Includes bibliographical references and index.</subfield>
  </datafield>
  <datafield tag="505" ind1=" " ind2=" ">
    <subfield code="a">Contents: Introduction: mass media and the socialization of adolescents since world war II -- The Emergence and evolution of a youth culture in the media: Understanding the "Jackpot Market": media, marketing and the rise of the American teenager -- "Still talking about my generation!" The representation of youth in popular music -- Music videos: media of the youth, by the youth, for the youth -- Portrayal of adolescents and influential behaviors: It matters what young people watch: health risk behaviors portrayed in top-grossing movies since 1950 -- Adolescent gender role portrayals in the media: 1950 to the present -- Adolescent body image and eating in the media: trends and implications for adolescent health -- African Americans, Latinos, Asians and Native Americans in the media: implications for adolescents -- Adolescents and television violence -- Tobacco portrayals in U.S. advertising and entertainment media -- The changing portrayal of alcohol use in television advertising -- From twin beds to sex at your fingertips: teen sexuality in movies, music, television and the internet, 1950 to 2005 -- Evolving forms of media influence: The Games, they are a-Changin': technological advancements in video games and implications for effects on youth -- Adolescents and the internet -- Policy implications for healthy adolescent development: Policy interventions -- Conclusions -- </subfield>
  </datafield>
  <datafield tag="650" ind1=" " ind2="0">
    <subfield code="a">Youth in mass media.</subfield>
    <subfield code="9">1338</subfield>
  </datafield>
  <datafield tag="650" ind1=" " ind2="0">
    <subfield code="a">Mass media and youth.</subfield>
    <subfield code="9">1339</subfield>
  </datafield>
  <datafield tag="700" ind1="1" ind2=" ">
    <subfield code="a">Jamieson, Patrick E.,</subfield>
    <subfield code="9">1340</subfield>
  </datafield>
  <datafield tag="700" ind1="1" ind2=" ">
    <subfield code="a">Romer, Daniel,</subfield>
    <subfield code="9">1341</subfield>
  </datafield>
  <datafield tag="856" ind1="4" ind2="1">
    <subfield code="3">Table of contents only</subfield>
    <subfield code="u">http://www.loc.gov/catdir/toc/ecip087/2007052293.html</subfield>
  </datafield>
  <datafield tag="906" ind1=" " ind2=" ">
    <subfield code="a">7</subfield>
    <subfield code="b">cbc</subfield>
    <subfield code="c">orignew</subfield>
    <subfield code="d">1</subfield>
    <subfield code="e">ecip</subfield>
    <subfield code="f">20</subfield>
    <subfield code="g">y-gencatlg</subfield>
  </datafield>
  <datafield tag="942" ind1=" " ind2=" ">
    <subfield code="2">lcc</subfield>
    <subfield code="c">BK</subfield>
  </datafield>
  <datafield tag="999" ind1=" " ind2=" ">
    <subfield code="c">9557</subfield>
    <subfield code="d">17057</subfield>
  </datafield>
  <datafield tag="952" ind1=" " ind2=" ">
    <subfield code="0">0</subfield>
    <subfield code="1">0</subfield>
    <subfield code="2">lcc</subfield>
    <subfield code="4">0</subfield>
    <subfield code="7">0</subfield>
    <subfield code="a">WIUC-KL</subfield>
    <subfield code="b">WIUC-KL</subfield>
    <subfield code="c">GEN</subfield>
    <subfield code="d">2023-03-15</subfield>
    <subfield code="l">0</subfield>
    <subfield code="o">P94.5.Y72.C43 </subfield>
    <subfield code="p">K/3076/0174/23</subfield>
    <subfield code="r">2023-04-27 00:00:00</subfield>
    <subfield code="w">2023-04-27</subfield>
    <subfield code="y">BK</subfield>
  </datafield>
</record>
